Angel Investing Matching Start-Up Funds With Start-Up Companies (Record no. 345232)
[ view plain ]
| 000 -LEADER | |
|---|---|
| fixed length control field | 00472 a2200169 4500 |
| 003 - CONTROL NUMBER IDENTIFIER | |
| control field | OSt |
| 005 - DATE AND TIME OF LATEST TRANSACTION | |
| control field | 20180116182736.0 |
| 008 - FIXED-LENGTH DATA ELEMENTS--GENERAL INFORMATION | |
| fixed length control field | 160426b xxu||||| |||| 00| 0 eng d |
| 020 ## - INTERNATIONAL STANDARD BOOK NUMBER | |
| International Standard Book Number | 0787852028 |
| 040 ## - CATALOGING SOURCE | |
| Transcribing agency | 0 |
| 082 ## - DEWEY DECIMAL CLASSIFICATION NUMBER | |
| Classification number | 658.15224 |
| 100 ## - MAIN ENTRY--PERSONAL NAME | |
| Personal name | Mark Van Osnabrugge |
| 245 ## - TITLE STATEMENT | |
| Title | Angel Investing Matching Start-Up Funds With Start-Up Companies |
| 260 ## - PUBLICATION, DISTRIBUTION, ETC. | |
| Place of publication, distribution, etc. | San Francisco |
| Name of publisher, distributor, etc. | Jossey-Bass A Wiley Company |
| Date of publication, distribution, etc. | 2000. |
| 300 ## - PHYSICAL DESCRIPTION | |
| Extent | 422 |
| 942 ## - ADDED ENTRY ELEMENTS (KOHA) | |
| Institution code [OBSOLETE] | NBS |
| Koha item type | Book |
| Call number prefix | 658.15224 OSN |
| Source of classification or shelving scheme | |
| Withdrawn status | Lost status | Source of classification or shelving scheme | Damaged status | Not for loan | Permanent Location | Current Location | Date acquired | Full call number | Barcode | Date last seen | Price effective from | Koha item type | Public note | Total Checkouts |
|---|---|---|---|---|---|---|---|---|---|---|---|---|---|---|
| Write Off | Central Library (CL) | Central Library (CL) | 08/28/2013 | 658.15224 OSN | NBS5747 | 08/28/2013 | 08/28/2013 | Book | Write off File No.0908/IRC/NBS Dated Aug 16, 2018 | |||||
| Central Library (CL) | Central Library (CL) | 08/28/2013 | 658.15224 OSN | NBS5273 | 08/28/2013 | 08/28/2013 | Book |
